000 02381cas a2200529 a 4500
001 data
005 20260322212107.0
006 data
007 data
008 data
010 _a 2004214931
022 0 _a1552-6275
_21
023 0 _a1552-6275
_21
029 1 _aAU@
_b000026232409
035 _a(OCoLC)56523586
037 _bInstitute for International Law and Justice, New York University School of Law, 139 MacDougal Street, 3rd Floor, New York, NY 10012-1076
040 _aNSD
_beng
_cNSD
_dOCLCQ
_dDLC
_dYLS
_dDLC
_dOCLCQ
_dOCLCO
_dOCLCQ
_dOCLCF
_dYLS
_dOCLCO
_dOCLCL
_dOCLCQ
042 _apcc
_apcc
050 0 0 _aKZ22
082 1 0 _a341
_214
_1https://id.oclc.org/worldcat/ddc/E39rQc6jXk3fJrVgb63DqfDPpy
222 0 _aInternational law and justice working papers
245 0 0 _aInternational law and justice working papers.
246 1 3 _aIILJ working paper
260 _aNew York, NY :
_bInstitute for International Law and Justice, New York University, School of Law
310 _aIrregular
336 _atext
_btxt
_2rdacontent
337 _acomputer
_bc
_2rdamedia
338 _aonline resource
_bcr
_2rdacarrier
362 1 _aBegan in 2003?
588 _aDescription based on: 2003/1; title from PDF title page (the Institute's website, viewed Sept. 14, 2007).
588 _aLatest issue consulted: 2021/1 (the Institute's website, viewed November 16, 2021).
650 0 _aInternational law
_xHistory.
650 0 _aInternational law
_xPhilosophy.
650 0 _aInternational and municipal law.
650 0 _aInternational law
_xPolitical aspects.
650 0 _aInternational relations.
650 7 _aInternational and municipal law.
_2fast
_0(OCoLC)fst00976759
650 7 _aInternational law.
_2fast
_0(OCoLC)fst00976984
650 7 _aInternational law
_xPhilosophy.
_2fast
_0(OCoLC)fst00977003
650 7 _aInternational relations.
_2fast
_0(OCoLC)fst00977053
655 7 _aHistory.
_2fast
_0(OCoLC)fst01411628
710 2 _aNew York University.
_bInstitute for International Law and Justice,
_eissuing body.
859 4 0 _zView the papers in electronic format at the Institute's website
_uhttps://www.iilj.org/publication-category/working-papers/
906 _a7
_bcbc
_cserials
_du
_encip
_f20
_gn-oclcserc
925 0 _aAcquire
_eLAW electronic serial
_eLAW electronic serial
_xpolicy default
955 _jdf29 2004-09-17
999 _c1576
_d1576